[Event "AUT-chT (Women) 1718"]
[Site "Austria"]
[Date "2018.01.19"]
[Round "4.2"]
[White "Kimpel, Janine"]
[Black "Stallinger, Vanessa"]
[Result "1/2-1/2"]
[WhiteElo "1911"]
[BlackElo "1794"]
[PlyCount "60"]
[EventDate "2017.11.24"]
[EventType "team-tourn"]
[EventRounds "9"]
[EventCountry "AUT"]
[SourceTitle "EXT 2019"]
[Source "ChessBase"]
[SourceDate "2018.10.10"]
[SourceVersion "1"]
[SourceVersionDate "2018.10.10"]
[SourceQuality "1"]
[WhiteTeam "Schach ohne Grenzen (W)"]
[BlackTeam "Baden (W)"]
[WhiteTeamCountry "AUT"]
[BlackTeamCountry "AUT"]

1. e4 e5 2. Nf3 Nc6 3. Bc4 Bc5 4. c3 Nf6 5. d4 exd4 6. cxd4 Bb4+ 7. Bd2 Bxd2+ 8. Nbxd2 d5 9. exd5 Nxd5 10. Qb3 Nce7 11. 0-0 0-0 12. Ne5 c6 13. Rac1 Qb6 14. Qxb6 Nxb6 15. Bb3 a5 16. a3 Nbd5 17. Ne4 f6 18. Nc4 Kh8 19. Ncd6 h6 20. Nxc8 Raxc8 21. g3 Rfd8 22. Nc5 b6 23. Ne6 Rd6 24. Rfe1 Nf5 25. Rcd1 Re8 26. Bxd5 cxd5 27. Nf4 Rxe1+ 28. Rxe1 Nxd4 29. Rd1 Nf3+ 30. Kg2 Ne5 1/2-1/2

[Event "AUT-chT (Women) 1617"]
[Site "Austria"]
[Date "2017.04.22"]
[Round "7.2"]
[White "Stallinger, Vanessa"]
[Black "Ganzera, Andrea"]
[Result "0-1"]
[WhiteElo "1900"]
[BlackElo "1998"]
[PlyCount "48"]
[EventDate "2017.01.14"]
[EventType "team-tourn"]
[EventRounds "11"]
[EventCountry "AUT"]
[SourceTitle "EXT 2018"]
[Source "ChessBase"]
[SourceDate "2017.10.13"]
[SourceVersion "1"]
[SourceVersionDate "2017.10.13"]
[SourceQuality "1"]
[WhiteTeam "Baden (W)"]
[BlackTeam "Schach ohne Grenzen (W)"]
[WhiteTeamCountry "AUT"]
[BlackTeamCountry "AUT"]

1. e4 d6 2. d4 Nf6 3. Nc3 g6 4. Be3 c6 5. f3 Nbd7 6. Bd3 b5 7. a3 a6 8. f4 Nb6 9. Nf3 Bg7 10. 0-0 0-0 11. Qe1 Ng4 12. Bd2 Nc4 13. Bxc4 bxc4 14. Qh4 Qb6 15. Ne2 e5 16. Bc3 Ne3 17. Rfc1 Bg4 18. Qf2 Bxf3 19. Qxe3 Bxe2 20. Qxe2 exd4 21. Qf2 Rab8 22. Be1 c5 23. Rab1 c3 24. b3 d3 0-1

[Event "AUT-ch U16/U18 Girls"]
[Site "St Veit"]
[Date "2017.04.13"]
[Round "7"]
[White "Stallinger, Vanessa"]
[Black "Felleitner, Christina"]
[Result "1-0"]
[WhiteElo "1822"]
[BlackElo "1157"]
[PlyCount "81"]
[EventDate "2017.04.09"]
[EventType "swiss"]
[EventRounds "7"]
[EventCountry "AUT"]
[SourceTitle "CBM 178 Extra"]
[Source "ChessBase"]
[SourceDate "2017.06.22"]
[SourceVersion "1"]
[SourceVersionDate "2017.06.22"]
[SourceQuality "1"]

1. e4 d5 2. exd5 Qxd5 3. Nc3 Qd6 4. d4 Nf6 5. Nf3 Nc6 6. h3 Bf5 7. Be2 0-0-0 8. Nb5 Qd7 9. c3 a6 10. Na3 e6 11. Nc4 Bd6 12. 0-0 Rhg8 13. b4 g5 14. Ne1 g4 15. h4 Ne4 16. Qb3 g3 17. f4 Nf2 18. Nf3 Bg4 19. a4 Bxf3 20. Bxf3 Qe7 21. Re1 Qxh4 22. Kf1 Nd3 23. Nxd6+ Rxd6 24. Rd1 Rxd4 25. Bxc6 Qh1+ 26. Ke2 Nxf4+ 27. Bxf4 Qh5+ 28. Bf3 Re4+ 29. Kd2 Rd8+ 30. Kc2 Re2+ 31. Bxe2 Qxe2+ 32. Rd2 Qe4+ 33. Kb2 Rxd2+ 34. Bxd2 Qxg2 35. Qc2 Qh3 36. Be3 h5 37. Rd1 Qg4 38. Qd2 Qg8 39. Qd7+ Kb8 40. Qd8+ Qxd8 41. Rxd8# 1-0

[Event "AUT-chT (Women) 1617"]
[Site "Austria"]
[Date "2017.03.24"]
[Round "3.2"]
[White "Saler Grafenberger, Elisabeth"]
[Black "Stallinger, Vanessa"]
[Result "1-0"]
[WhiteElo "1904"]
[BlackElo "1900"]
[PlyCount "117"]
[EventDate "2017.01.14"]
[EventType "team-tourn"]
[EventRounds "11"]
[EventCountry "AUT"]
[SourceTitle "EXT 2018"]
[Source "ChessBase"]
[SourceDate "2017.10.13"]
[SourceVersion "1"]
[SourceVersionDate "2017.10.13"]
[SourceQuality "1"]
[WhiteTeam "Steyr (W)"]
[BlackTeam "Baden (W)"]
[WhiteTeamCountry "AUT"]
[BlackTeamCountry "AUT"]

1. c4 c5 2. Nc3 Nc6 3. g3 Nf6 4. Bg2 d6 5. Nf3 g6 6. 0-0 Bg7 7. a3 0-0 8. Rb1 a5 9. d3 Bd7 10. Bg5 Qc8 11. Bxf6 Bxf6 12. Nd5 Qd8 13. Nxf6+ exf6 14. Qd2 Qc8 15. Qf4 Qc7 16. Qxf6 Rae8 17. e3 Bf5 18. Rfd1 Ne5 19. Nxe5 dxe5 20. Bd5 Rd8 21. b4 cxb4 22. axb4 a4 23. b5 a3 24. b6 Qb8 25. e4 Bg4 26. Rd2 Qc8 27. Qxe5 Rfe8 28. Qf6 Rd7 29. Qc3 Bf3 30. Qf6 Rxd5 31. Qxf3 Ra5 32. Ra2 Qc5 33. Qf6 Ra4 34. Rb5 Qf8 35. Rb3 Rea8 36. Qc3 Qc5 37. Rb5 Qc6 38. Qb3 Qf6 39. e5 Qg5 40. f4 Qd8 41. Rd5 Qe7 42. Rd6 g5 43. d4 gxf4 44. gxf4 Kh8 45. Rh6 Qf8 46. Rh3 Rb4 47. Qd3 Qg7+ 48. Rg3 Qh6 49. Rxa3 Rc8 50. Qf5 Rbxc4 51. Qf6+ Qxf6 52. exf6 Rxd4 53. Rg7 Rcd8 54. Rxf7 Rxf4 55. Ra7 Rb8 56. Raxb7 Rg4+ 57. Kf2 Rxb7 58. Rxb7 Kg8 59. Rg7+ 1-0

[Event "Steyr Landesliga 1617"]
[Site "Austria"]
[Date "2017.01.21"]
[Round "6.8"]
[White "Pittino, Pascal"]
[Black "Stallinger, Vanessa"]
[Result "0-1"]
[WhiteElo "1770"]
[BlackElo "1822"]
[PlyCount "62"]
[EventDate "2016.10.01"]
[EventType "team-tourn"]
[EventRounds "11"]
[EventCountry "AUT"]
[SourceTitle "EXT 2018"]
[Source "ChessBase"]
[SourceDate "2017.10.13"]
[SourceVersion "1"]
[SourceVersionDate "2017.10.13"]
[SourceQuality "1"]
[WhiteTeam "Gamlitz"]
[BlackTeam "Leibnitz"]
[WhiteTeamCountry "AUT"]
[BlackTeamCountry "AUT"]

1. e3 e5 2. c4 d6 3. d4 Be7 4. Nc3 f5 5. Nge2 Nf6 6. b3 Nbd7 7. Bb2 a5 8. Qc2 Nb6 9. Rd1 Bd7 10. g3 0-0 11. Bg2 Rb8 12. dxe5 dxe5 13. Nd5 Nbxd5 14. Bxd5+ Nxd5 15. Rxd5 Bd6 16. 0-0 Bc6 17. Rxa5 b6 18. Ra7 Be4 19. Qc3 Bf3 20. Nf4 Qd7 21. Nd3 Rbe8 22. Ne1 Be2 23. Nd3 Bxf1 24. Kxf1 f4 25. exf4 exf4 26. c5 f3 27. Qc4+ Kh8 28. Qh4 Bxc5 29. Kg1 Qxd3 30. Bxg7+ Kxg7 31. Rxc7+ Kh8 0-1

[Event "Steyr Landesliga 1617"]
[Site "Austria"]
[Date "2016.10.29"]
[Round "3.8"]
[White "Stallinger, Vanessa"]
[Black "Wimmer, Kevin"]
[Result "1-0"]
[WhiteElo "1822"]
[BlackElo "1947"]
[PlyCount "85"]
[EventDate "2016.10.01"]
[EventType "team-tourn"]
[EventRounds "11"]
[EventCountry "AUT"]
[SourceTitle "CBM 175 Extra"]
[Source "ChessBase"]
[SourceDate "2016.12.12"]
[SourceVersion "1"]
[SourceVersionDate "2016.12.12"]
[SourceQuality "1"]
[WhiteTeam "Leibnitz"]
[BlackTeam "Schachfreunde"]
[WhiteTeamCountry "AUT"]
[BlackTeamCountry "AUT"]

1. e4 e5 2. Nf3 Nc6 3. Bb5 a6 4. Ba4 Nf6 5. 0-0 Be7 6. Re1 b5 7. Bb3 0-0 8. c3 d5 9. exd5 Nxd5 10. Nxe5 Nxe5 11. Rxe5 c6 12. d4 Bd6 13. Re1 Qh4 14. g3 Qh3 15. Qf3 Bg4 16. Qg2 Qh5 17. Be3 Rae8 18. Nd2 Re6 19. Bd1 Bxd1 20. Raxd1 Rfe8 21. Nf1 f5 22. Bd2 f4 23. g4 Qg6 24. Rxe6 Rxe6 25. Qf3 Qc2 26. Bc1 Re2 27. Rd2 Rxd2 28. Bxd2 Qxb2 29. Qe4 Qxa2 30. Qe6+ Kf8 31. Qxd6+ Kf7 32. Qxc6 g5 33. Qh6 Qc2 34. Qxg5 Qe4 35. h4 a5 36. Qd8 Qf3 37. Qd7+ Kg6 38. Qe6+ Kg7 39. g5 Nxc3 40. Bxc3 Qxc3 41. d5 Qc7 42. d6 Qd8 43. d7 1-0

[Event "AUT-ch U16/18 Girls"]
[Site "St Veit"]
[Date "2016.03.22"]
[Round "5"]
[White "Stallinger, Vanessa"]
[Black "Mayrhuber, Nikola"]
[Result "0-1"]
[WhiteElo "1773"]
[BlackElo "1929"]
[PlyCount "134"]
[EventDate "2016.03.20"]
[EventType "swiss"]
[EventRounds "7"]
[EventCountry "AUT"]
[SourceTitle "CBM 171 Extra"]
[Source "ChessBase"]
[SourceDate "2016.04.26"]
[SourceVersion "1"]
[SourceVersionDate "2016.04.26"]
[SourceQuality "1"]

1. e4 e5 2. Nf3 d6 3. Bc4 Be7 4. d3 Nf6 5. Be3 c6 6. Nc3 0-0 7. d4 exd4 8. Nxd4 Re8 9. 0-0 b5 10. Bd3 b4 11. Nce2 Bf8 12. Ng3 c5 13. Nf3 Qc7 14. b3 Bb7 15. Nd2 Nbd7 16. f3 d5 17. Qe2 d4 18. Bf2 Nd5 19. Nc4 Nc3 20. Qd2 g6 21. Ne2 Nb6 22. Bg3 Nxc4 23. Bxc4 Bd6 24. Bxd6 Qxd6 25. Nxc3 bxc3 26. Qd3 a5 27. Rfe1 a4 28. Bb5 Bc6 29. Bxc6 Qxc6 30. Reb1 Reb8 31. Kf2 Rb4 32. a3 Rb5 33. b4 cxb4 34. Rxb4 Rxb4 35. axb4 Qb6 36. b5 Ra5 37. Ke2 Qc5 38. b6 Qxb6 39. Qc4 a3 40. Kd3 Qb2 41. Ra2 Qb1 42. Qb3 Qd1+ 43. Kc4 Qf1+ 44. Kxd4 Qxg2 45. Kxc3 Qxf3+ 46. Kb4 Qxb3+ 47. cxb3 Ra8 48. Kc5 Kf8 49. b4 Ke7 50. Kc6 Ra6+ 51. Kb7 Ra4 52. b5 Kd6 53. b6 Rxe4 54. Rxa3 Rb4 55. Rc3 f5 56. Rc6+ Ke5 57. Kc7 Ke4 58. b7 Rxb7+ 59. Kxb7 f4 60. Rf6 f3 61. Kc6 Ke3 62. Kd5 f2 63. h4 Ke2 64. Ke4 f1Q 65. Rxf1 Kxf1 66. Kf4 h6 67. Kf3 h5 0-1

[Event "AUT-chT (Women) 1516"]
[Site "Austria"]
[Date "2015.11.08"]
[Round "3.3"]
[White "Stallinger, Vanessa"]
[Black "Schnegg, Anna Lena"]
[Result "0-1"]
[WhiteElo "1757"]
[BlackElo "2149"]
[PlyCount "76"]
[EventDate "2015.11.06"]
[EventType "team-swiss"]
[EventRounds "7"]
[EventCountry "AUT"]
[SourceTitle "EXT 2017"]
[Source "ChessBase"]
[SourceDate "2016.10.25"]
[SourceVersion "1"]
[SourceVersionDate "2016.10.25"]
[SourceQuality "1"]
[WhiteTeam "Baden (W)"]
[BlackTeam "Mayrhofen/Zillertal (W)"]
[WhiteTeamCountry "AUT"]
[BlackTeamCountry "AUT"]

1. e4 e5 2. Nf3 Nc6 3. Bb5 a6 4. Ba4 Nf6 5. 0-0 Be7 6. Re1 b5 7. Bb3 d6 8. c3 0-0 9. h3 Na5 10. Bc2 c5 11. d4 Qc7 12. Nbd2 Be6 13. d5 Bd7 14. Nf1 c4 15. Ng3 g6 16. Bg5 Rfc8 17. Nh2 Nxd5 18. Bxe7 Nxe7 19. Ng4 Bxg4 20. Qxg4 Kh8 21. Rad1 Rd8 22. f4 Nac6 23. f5 Ng8 24. Rf1 Qe7 25. h4 Nb8 26. h5 gxh5 27. Nxh5 f6 28. Kf2 Nc6 29. Qh4 Rab8 30. g4 b4 31. Kf3 bxc3 32. bxc3 Rb2 33. Bb1 d5 34. exd5 Qa3 35. Rc1 Nd4+ 36. Kg3 Ne2+ 37. Kh3 Nxc1 38. Nxf6 Qxc3+ 0-1

[Event "AUT-ch U16/U18 Girls"]
[Site "St Veit"]
[Date "2015.03.29"]
[Round "2.4"]
[White "Stallinger, Vanessa"]
[Black "Lymysalo, Venla"]
[Result "1-0"]
[WhiteElo "1579"]
[BlackElo "1670"]
[PlyCount "119"]
[EventDate "2015.03.29"]
[EventType "swiss"]
[EventRounds "7"]
[EventCountry "AUT"]
[SourceTitle "EXT 2024"]
[Source "ChessBase"]
[SourceDate "2023.10.10"]
[SourceVersion "1"]
[SourceVersionDate "2023.10.10"]
[SourceQuality "1"]

1. e4 c6 2. d4 d5 3. e5 Bf5 4. h4 h6 5. g4 Bh7 6. h5 e6 7. Bd3 Bxd3 8. Qxd3 c5 9. c3 Nc6 10. Nd2 Qb6 11. Ndf3 cxd4 12. cxd4 Nb4 13. Qd1 Qa6 14. Qe2 Rc8 15. Qxa6 Nxa6 16. a3 Ne7 17. Ne2 Nc6 18. Nc3 f6 19. exf6 gxf6 20. Be3 Nc7 21. Nh4 Bd6 22. Ng6 Rh7 23. f4 Ne7 24. Nh4 Kf7 25. Kd2 Rg8 26. Rhg1 Rhg7 27. g5 fxg5 28. fxg5 hxg5 29. h6 Rh7 30. Bxg5 Nf5 31. Nxf5 exf5 32. Raf1 Ne6 33. Rxf5+ Ke8 34. Nxd5 Rxg5 35. Rgxg5 Nxg5 36. Rxg5 Kf7 37. Rh5 Kg6 38. Rh1 Rxh6 39. Rxh6+ Kxh6 40. Kd3 Kg6 41. Ke4 a6 42. Nc3 Kf6 43. Kd5 Ke7 44. Ne4 Bf4 45. a4 Kd7 46. Kc5 Kc7 47. Nf6 b6+ 48. Kd5 b5 49. axb5 axb5 50. Kc5 Bc1 51. b4 Bb2 52. Ne4 Kb7 53. Nd6+ Ka6 54. Nxb5 Bc1 55. d5 Be3+ 56. Kc6 Bd2 57. Nc7+ Ka7 58. b5 Kb8 59. b6 Bg5 60. Na6+ 1-0

[Event "Leitersdorf Region-ch"]
[Site "Leitersdorf"]
[Date "2015.01.02"]
[Round "1"]
[White "Stallinger, Vanessa"]
[Black "Horvath, Reka"]
[Result "0-1"]
[WhiteElo "1579"]
[BlackElo "2033"]
[PlyCount "70"]
[EventDate "2015.01.02"]
[EventType "swiss"]
[EventRounds "5"]
[EventCountry "AUT"]
[SourceTitle "CBM 164 Extra"]
[Source "ChessBase"]
[SourceDate "2015.03.02"]
[SourceVersion "1"]
[SourceVersionDate "2015.03.02"]
[SourceQuality "1"]

1. e4 c5 2. c3 d6 3. d4 Nf6 4. dxc5 Nc6 5. Bb5 Nxe4 6. cxd6 Qxd6 7. Qxd6 Nxd6 8. Ba4 Bf5 9. Nf3 0-0-0 10. 0-0 Nc4 11. Nbd2 N4e5 12. Nh4 Bd3 13. Re1 e6 14. Nhf3 Bd6 15. Nxe5 Nxe5 16. Nf1 Bg6 17. Be3 Nd3 18. Re2 Nc5 19. Bc2 b6 20. Bxg6 hxg6 21. Rd2 Ne4 22. Rd4 f5 23. f3 Nf6 24. Rad1 Nd5 25. Bg5 Rdf8 26. Kh1 Rh5 27. f4 Bc5 28. R4d3 b5 29. b3 Rhh8 30. c4 bxc4 31. bxc4 Nb6 32. a4 Nxa4 33. Rd7 Nc3 34. R1d3 Ne4 35. Rxg7 Nf2+ 0-1

[Event "Steyr Landesliga 1415"]
[Site "Austria"]
[Date "2014.11.08"]
[Round "4.8"]
[White "Stallinger, Vanessa"]
[Black "Schneider, Manuel"]
[Result "1-0"]
[WhiteElo "1516"]
[BlackElo "1650"]
[PlyCount "115"]
[EventDate "2014.09.27"]
[EventType "team-tourn"]
[EventRounds "11"]
[EventCountry "AUT"]
[SourceTitle "EXT 2016"]
[Source "ChessBase"]
[SourceDate "2015.10.08"]
[SourceVersion "1"]
[SourceVersionDate "2015.10.08"]
[SourceQuality "1"]
[WhiteTeam "Leibnitz Software"]
[BlackTeam "Pinggau Friedberg"]
[WhiteTeamCountry "AUT"]
[BlackTeamCountry "AUT"]

1. e4 e5 2. Nf3 Qe7 3. Nc3 Nf6 4. Bc4 d6 5. h3 c6 6. d4 h6 7. Be3 b5 8. Bb3 b4 9. Ne2 Nxe4 10. dxe5 dxe5 11. Qd3 Nc5 12. Bxc5 Qxc5 13. 0-0-0 Be7 14. Ng3 0-0 15. Ne4 Qa5 16. g4 Nd7 17. g5 hxg5 18. Nexg5 e4 19. Nxe4 Nc5 20. Nxc5 Qxc5 21. Rdg1 Bf5 22. Qd2 Kh8 23. Ng5 Bg6 24. h4 Bh5 25. Qd3 Bxg5+ 26. Rxg5 Bg6 27. Rxc5 Bxd3 28. cxd3 Rad8 29. Kd2 Rd6 30. Rhc1 Rfd8 31. Bc4 Rf6 32. Rf1 Rd4 33. h5 Rfd6 34. Ke2 Rf4 35. Ke3 Rdd4 36. Rg5 f6 37. Rg6 Rh4 38. Rfg1 Rd7 39. h6 Re7+ 40. Kd2 Rxh6 41. Rxh6+ gxh6 42. Rg6 Kh7 43. Rxf6 c5 44. Rc6 Re5 45. Rc7+ Kg6 46. Rxa7 h5 47. Ra8 Kg5 48. a4 bxa3 49. bxa3 h4 50. Rh8 Kg4 51. a4 h3 52. a5 Re7 53. a6 Rd7 54. Be6+ Kf3 55. Bxd7 Kg2 56. a7 c4 57. a8Q+ Kh2 58. Rxh3+ 1-0

[Event "AUT-chT (Women) 1415"]
[Site "Austria"]
[Date "2014.10.05"]
[Round "3.2"]
[White "Stockhammer, Lotte"]
[Black "Stallinger, Vanessa"]
[Result "1/2-1/2"]
[WhiteElo "1264"]
[BlackElo "1572"]
[PlyCount "146"]
[EventDate "2014.10.03"]
[EventType "team-swiss"]
[EventRounds "9"]
[EventCountry "AUT"]
[SourceTitle "EXT 2016"]
[Source "ChessBase"]
[SourceDate "2015.10.08"]
[SourceVersion "1"]
[SourceVersionDate "2015.10.08"]
[SourceQuality "1"]
[WhiteTeam "Muehlviertel (W)"]
[BlackTeam "Baden Invest (W)"]
[WhiteTeamCountry "AUT"]
[BlackTeamCountry "AUT"]

1. d4 d5 2. c4 c6 3. Nc3 Nf6 4. Bg5 dxc4 5. e3 b5 6. a4 Bd7 7. Nf3 e6 8. Ne5 Bb4 9. Rc1 Qa5 10. Bxf6 gxf6 11. Nxd7 Nxd7 12. Be2 Nb6 13. 0-0 Bxc3 14. bxc3 Nxa4 15. Qc2 Qc7 16. Bxc4 Ke7 17. Bd3 Rag8 18. c4 Qb7 19. cxb5 cxb5 20. Qc7+ Qxc7 21. Rxc7+ Kd6 22. Rxa7 Rb8 23. Bxb5 Rxb5 24. Rxa4 Rhb8 25. g3 R8b7 26. Kg2 Rb2 27. Rfa1 Rc2 28. R1a2 Rc1 29. Ra6+ Kd5 30. R2a5+ Ke4 31. Ra7 Rb2 32. Ra2 Rxa2 33. Rxa2 Rc7 34. Ra5 f5 35. Ra8 e5 36. dxe5 Kxe5 37. Ra5+ Ke4 38. Ra3 Rd7 39. f3+ Ke5 40. Ra5+ Ke6 41. Ra6+ Ke5 42. f4+ Ke4 43. Ra5 f6 44. Ra6 Rf7 45. Kf2 Kd5 46. Kf3 Rf8 47. Ra5+ Ke6 48. e4 fxe4+ 49. Kxe4 f5+ 50. Kd4 Rc8 51. Ke3 Kf6 52. Ra6+ Kf7 53. Rh6 Kg7 54. Re6 Ra8 55. h3 Ra3+ 56. Kf2 Ra2+ 57. Re2 Ra3 58. Re3 Ra6 59. Kf3 Rh6 60. h4 Rc6 61. g4 fxg4+ 62. Kxg4 Rg6+ 63. Kf5 Rf6+ 64. Ke5 Rf8 65. Rg3+ Kf7 66. Kf5 Ke7+ 67. Ke5 Kf7 68. f5 Re8+ 69. Kf4 Kf6 70. Rg5 Re1 71. Rh5 Rf1+ 72. Ke4 Re1+ 73. Kf3 Rf1+ 1/2-1/2

[Event "AUT-chT (Women) 1415"]
[Site "Austria"]
[Date "2014.10.03"]
[Round "1.1"]
[White "Stallinger, Vanessa"]
[Black "Horvath, Reka"]
[Result "0-1"]
[WhiteElo "1572"]
[BlackElo "2012"]
[PlyCount "56"]
[EventDate "2014.10.03"]
[EventType "team-swiss"]
[EventRounds "9"]
[EventCountry "AUT"]
[SourceTitle "EXT 2016"]
[Source "ChessBase"]
[SourceDate "2015.10.08"]
[SourceVersion "1"]
[SourceVersionDate "2015.10.08"]
[SourceQuality "1"]
[WhiteTeam "Baden Invest (W)"]
[BlackTeam "Feldbach Kirchberg (W)"]
[WhiteTeamCountry "AUT"]
[BlackTeamCountry "AUT"]

1. e4 c5 2. c3 d6 3. d4 Nc6 4. dxc5 Nf6 5. Bd3 dxc5 6. f3 Ne5 7. Bb5+ Bd7 8. Bxd7+ Qxd7 9. Qxd7+ Nfxd7 10. f4 Nd3+ 11. Ke2 Nxc1+ 12. Kd2 g6 13. Kxc1 Bh6 14. Ne2 e5 15. g3 0-0-0 16. Nd2 exf4 17. gxf4 Rhe8 18. Rf1 Ne5 19. b3 Nd3+ 20. Kc2 f5 21. Ng3 Nxf4 22. exf5 Ng2 23. Nc4 b5 24. Rg1 Nh4 25. Na3 Rd2+ 26. Kb1 Nxf5 27. Nxf5 gxf5 28. Nxb5 Ree2 0-1

[Event "AUT-ch (Women)"]
[Site "Feistritz an der Drau"]
[Date "2014.08.26"]
[Round "4"]
[White "Froewis, Annika"]
[Black "Stallinger, Vanessa"]
[Result "1-0"]
[WhiteElo "2043"]
[BlackElo "1516"]
[PlyCount "57"]
[EventDate "2014.08.24"]
[EventType "swiss"]
[EventRounds "9"]
[EventCountry "AUT"]
[SourceTitle "CBM 162 Extra"]
[Source "ChessBase"]
[SourceDate "2014.10.17"]
[SourceVersion "1"]
[SourceVersionDate "2014.10.17"]
[SourceQuality "1"]

1. b3 b6 2. Nf3 Bb7 3. c4 Nf6 4. e3 e6 5. Be2 Be7 6. 0-0 d6 7. Bb2 0-0 8. d4 Nbd7 9. Nc3 h6 10. Qc2 Nh7 11. Rad1 f5 12. e4 fxe4 13. Nxe4 Ndf6 14. Ng3 Qe8 15. Nh4 Nd7 16. Ng6 Rf6 17. Bd3 Ndf8 18. Nxe7+ Qxe7 19. f4 Rf7 20. Rde1 Qd7 21. f5 Nf6 22. fxe6 Nxe6 23. Bf5 Re8 24. d5 Bxd5 25. cxd5 Nxd5 26. Bh7+ Kh8 27. Rxf7 Qxf7 28. Bg6 Qf8 29. Bxe8 1-0

[Event "AUT-ch (Women)"]
[Site "Feistritz an der Drau"]
[Date "2014.08.24"]
[Round "1"]
[White "Stallinger, Vanessa"]
[Black "Horvath, Maria"]
[Result "0-1"]
[WhiteElo "1516"]
[BlackElo "1997"]
[PlyCount "58"]
[EventDate "2014.08.24"]
[EventType "swiss"]
[EventRounds "9"]
[EventCountry "AUT"]
[SourceTitle "CBM 162 Extra"]
[Source "ChessBase"]
[SourceDate "2014.10.17"]
[SourceVersion "1"]
[SourceVersionDate "2014.10.17"]
[SourceQuality "1"]

1. e4 e6 2. d4 c5 3. c3 d5 4. Nd2 Nc6 5. Ngf3 Nf6 6. e5 Ne4 7. Bd3 Nxd2 8. Bxd2 Qb6 9. 0-0 Bd7 10. Ng5 cxd4 11. Nxf7 Kxf7 12. Qh5+ Kg8 13. Kh1 dxc3 14. bxc3 Be8 15. Qg5 Ne7 16. f4 Bg6 17. Bxg6 hxg6 18. g4 d4 19. c4 Qc6+ 20. Kg1 Qxc4 21. f5 gxf5 22. gxf5 Nxf5 23. Rac1 Qd5 24. Rxf5 exf5 25. Qxf5 Qf7 26. Qg4 Rd8 27. Rf1 Qd5 28. Qg6 d3 29. e6 Bc5+ 0-1

[Event "AUT-chT (Women) 1314"]
[Site "Austria"]
[Date "2013.12.08"]
[Round "3"]
[White "Stallinger, Vanessa"]
[Black "Landl, Margot"]
[Result "1-0"]
[WhiteElo "1574"]
[BlackElo "1816"]
[PlyCount "103"]
[EventDate "2013.12.06"]
[EventType "team-tourn"]
[EventRounds "9"]
[EventCountry "AUT"]
[SourceTitle "EXT 2015"]
[Source "ChessBase"]
[SourceDate "2014.11.20"]
[SourceVersion "1"]
[SourceVersionDate "2014.11.20"]
[SourceQuality "1"]
[WhiteTeam "Baden Invest (W)"]
[BlackTeam "Schachamazonen (W)"]
[WhiteTeamCountry "AUT"]
[BlackTeamCountry "AUT"]

1. e4 e5 2. Nf3 Nc6 3. Bb5 a6 4. Ba4 Nf6 5. 0-0 Be7 6. Re1 b5 7. Bb3 0-0 8. c3 d6 9. h3 Na5 10. Bc2 c5 11. d4 Qc7 12. Be3 Nc4 13. Bc1 Rd8 14. b3 Nb6 15. Be3 Bb7 16. d5 a5 17. Nbd2 Rdc8 18. Qe2 c4 19. Bxb6 Qxb6 20. bxc4 bxc4 21. Nxc4 Qc7 22. Bd3 Ba6 23. Nfd2 g6 24. Rec1 Nh5 25. g3 Bg5 26. Ne3 Bxd3 27. Qxd3 Qa7 28. Ndf1 Qd7 29. Kg2 Rf8 30. Rc2 f5 31. exf5 gxf5 32. Nh2 Bxe3 33. Qxe3 Qg7 34. Kh1 Rab8 35. c4 f4 36. gxf4 Nxf4 37. Rg1 Ng6 38. h4 h5 39. Qg5 Rf6 40. Qxh5 Qh7 41. Qg5 Kf7 42. c5 Nxh4 43. cxd6 Rb7 44. Rc7+ Rxc7 45. dxc7 Nf3 46. Qg7+ Qxg7 47. Rxg7+ Kxg7 48. c8Q Nxh2 49. Kxh2 Rxf2+ 50. Kg3 Rxa2 51. Qd7+ Kf8 52. d6 1-0